[Event "Quebec-ch Elite"]
[Site "Montreal CAN"]
[Date "2011.10.07"]
[Round "1"]
[White "Gauthier, Denis"]
[Black "Larochelle, Martial"]
[Result "1/2-1/2"]
[WhiteElo "1974"]
[BlackElo "2262"]
[PlyCount "79"]
[GameId "2160767909648086"]
[EventDate "2011.10.07"]
[EventType "swiss"]
[EventRounds "7"]
[EventCountry "CAN"]
[SourceTitle "EXT 2022"]
[Source "ChessBase"]
[SourceDate "2021.10.06"]
[SourceVersion "1"]
[SourceVersionDate "2021.10.06"]
[SourceQuality "1"]

1. d4 Nf6 2. c4 g6 3. Nc3 d5 4. Bf4 Bg7 5. Nf3 c5 6. dxc5 Qa5 7. cxd5 Nxd5 8. Be5 Bxe5 9. Nxe5 Nxc3 10. Qd2 Qxc5 11. Qxc3 Qxc3+ 12. bxc3 Nd7 13. Nxd7 Bxd7 14. O-O-O O-O-O 15. e3 Be6 16. a3 Rxd1+ 17. Kxd1 Rd8+ 18. Kc1 Rd6 19. Be2 Rb6 20. Bd1 Kc7 21. Bc2 Rd6 22. h4 h6 23. f3 Kb6 24. e4 Kc5 25. Re1 Bc4 26. Re3 e5 27. g3 g5 28. h5 Ra6 29. Kb2 Rb6+ 30. Kc1 f6 31. f4 exf4 32. gxf4 gxf4 33. Rf3 Bb3 34. Rxf4 Bxc2 35. Kxc2 Ra6 36. Kb3 Re6 37. Rg4 Re5 38. Rg6 Rxh5 39. Rxf6 Re5 40. Rxh6 1/2-1/2

[Event "Quebec-ch Elite"]
[Site "Montreal CAN"]
[Date "2011.10.07"]
[Round "1"]
[White "Gulko, Andrei"]
[Black "Guo, Forest"]
[Result "1-0"]
[WhiteElo "2162"]
[BlackElo "1917"]
[PlyCount "77"]
[GameId "2160767909648087"]
[EventDate "2011.10.07"]
[EventType "swiss"]
[EventRounds "7"]
[EventCountry "CAN"]
[SourceTitle "EXT 2022"]
[Source "ChessBase"]
[SourceDate "2021.10.06"]
[SourceVersion "1"]
[SourceVersionDate "2021.10.06"]
[SourceQuality "1"]

1. d4 d5 2. Nf3 Nf6 3. e3 e6 4. Bd3 c5 5. c3 Nc6 6. Nbd2 Be7 7. dxc5 Bxc5 8. Qe2 O-O 9. O-O e5 10. e4 Re8 11. exd5 Nxd5 12. Nb3 Nf4 13. Bxf4 exf4 14. Qc2 Bd6 15. Bxh7+ Kh8 16. Bf5 Qf6 17. Bxc8 Raxc8 18. Rad1 Bb8 19. Nbd4 g6 20. Nxc6 Rxc6 21. Rd7 g5 22. Rd5 Be5 23. h3 Kg7 24. Qe4 Rce6 25. Rxe5 Rxe5 26. Nxe5 Qxe5 27. Qxb7 Rb8 28. Qxa7 Rxb2 29. Qa8 Qxc3 30. Qd5 Kg6 31. a4 Rb4 32. a5 Ra4 33. Rb1 Rxa5 34. Rb6+ f6 35. Qe4+ Rf5 36. Qe8+ Kh6 37. Rb7 Re5 38. Qh8+ Kg6 39. Qh7# 1-0

[Event "Quebec-ch Elite"]
[Site "Montreal CAN"]
[Date "2011.10.07"]
[Round "1"]
[White "Jiang, Louie"]
[Black "Ber, Yves"]
[Result "1-0"]
[WhiteElo "2351"]
[BlackElo "1979"]
[PlyCount "125"]
[GameId "2160767909648088"]
[EventDate "2011.10.07"]
[EventType "swiss"]
[EventRounds "7"]
[EventCountry "CAN"]
[SourceTitle "EXT 2022"]
[Source "ChessBase"]
[SourceDate "2021.10.06"]
[SourceVersion "1"]
[SourceVersionDate "2021.10.06"]
[SourceQuality "1"]

1. e4 e6 2. d4 b6 3. Nf3 Bb7 4. Bd3 c5 5. O-O cxd4 6. Nxd4 Nc6 7. Nb3 Nf6 8. Qe2 Ne5 9. Nc3 Nxd3 10. cxd3 d6 11. f4 Be7 12. Be3 O-O 13. h3 Nd7 14. d4 f5 15. d5 exd5 16. exd5 Bf6 17. Rad1 Re8 18. Qf3 Nc5 19. Bd4 Nxb3 20. axb3 Bxd4+ 21. Rxd4 Qf6 22. Rd2 Ba6 23. Ra1 Bb7 24. Qf2 Re7 25. b4 a6 26. Qxb6 Rae8 27. Qf2 Bc8 28. b5 axb5 29. Nxb5 h6 30. Rc1 Bd7 31. Nc3 g5 32. Rdd1 Re3 33. Kh1 g4 34. Rg1 Qd4 35. g3 Qc5 36. Qd2 Qb4 37. Qh2 Bb5 38. Rg2 Bd3 39. hxg4 Re1+ 40. Rxe1 Rxe1+ 41. Rg1 Rxg1+ 42. Kxg1 fxg4 43. Qf2 Bf5 44. Kf1 Qb3 45. Qe2 Kf7 46. Ke1 Kf6 47. Qd2 Bc2 48. Qd4+ Kf7 49. Ne2 Qa2 50. Qc3 Bb3 51. Qc7+ Kg8 52. Qc8+ Kh7 53. Qf5+ Kh8 54. Qf6+ Kh7 55. f5 Bxd5 56. Qg6+ Kh8 57. Qxh6+ Kg8 58. Qg6+ Kf8 59. Qxd6+ Ke8 60. Qe5+ Kd7 61. Kf2 Bf3 62. Qe6+ Qxe6 63. fxe6+ 1-0

[Event "Quebec-ch Elite"]
[Site "Montreal CAN"]
[Date "2011.10.07"]
[Round "1"]
[White "Nikulich, Oleksandr"]
[Black "Robichaud, Louis"]
[Result "0-1"]
[WhiteElo "1899"]
[BlackElo "2157"]
[PlyCount "70"]
[GameId "2160767909648091"]
[EventDate "2011.10.07"]
[EventType "swiss"]
[EventRounds "7"]
[EventCountry "CAN"]
[SourceTitle "EXT 2022"]
[Source "ChessBase"]
[SourceDate "2021.10.06"]
[SourceVersion "1"]
[SourceVersionDate "2021.10.06"]
[SourceQuality "1"]

1. e4 e5 2. Nf3 Nc6 3. Bb5 a6 4. Ba4 Nf6 5. O-O Nxe4 6. d4 b5 7. Bb3 d5 8. dxe5 Be6 9. c3 Nc5 10. Bc2 Be7 11. Bf4 Bg4 12. a4 O-O 13. h3 Bh5 14. Nbd2 Ne6 15. Bh2 Bg6 16. Bxg6 hxg6 17. Nb3 Qd7 18. Qe2 bxa4 19. Rxa4 Nxe5 20. Nxe5 Qxa4 21. Nxg6 Rfe8 22. Nxe7+ Rxe7 23. Nd4 Ree8 24. Nf5 Nf4 25. Qg4 Ne2+ 26. Kh1 Qxg4 27. hxg4 Rab8 28. Bxc7 Rxb2 29. Ba5 Ra2 30. Bb6 g6 31. Nh6+ Kg7 32. g5 f6 33. Ng4 f5 34. Nf6 Rh8+ 35. Nh5+ Rxh5# 0-1

[Event "Quebec-ch Elite"]
[Site "Montreal CAN"]
[Date "2011.10.07"]
[Round "1"]
[White "Pichette, Mickaelin"]
[Black "Leutschaft, Martin"]
[Result "0-1"]
[WhiteElo "1893"]
[BlackElo "2154"]
[PlyCount "88"]
[GameId "2160767909648092"]
[EventDate "2011.10.07"]
[EventType "swiss"]
[EventRounds "7"]
[EventCountry "CAN"]
[SourceTitle "EXT 2022"]
[Source "ChessBase"]
[SourceDate "2021.10.06"]
[SourceVersion "1"]
[SourceVersionDate "2021.10.06"]
[SourceQuality "1"]

1. d4 Nf6 2. c4 c5 3. d5 b5 4. cxb5 a6 5. bxa6 g6 6. Nf3 Bxa6 7. g3 d6 8. Nc3 Bg7 9. Bg2 O-O 10. O-O Nbd7 11. Bh3 Qc7 12. Bg5 Rfb8 13. Qd2 Qb7 14. Rab1 Nb6 15. Rfd1 Nc4 16. Qc2 h6 17. Bc1 Qb4 18. b3 Na3 19. Bxa3 Qxa3 20. e4 Nd7 21. Ne1 Ne5 22. Na4 g5 23. f4 gxf4 24. gxf4 Ng6 25. Qd2 Bb5 26. Nc3 Bxc3 27. Qxc3 Nxf4 28. Qg3+ Ng6 29. e5 Qb4 30. exd6 exd6 31. Qxd6 Be2 32. Rdc1 Qd4+ 33. Kh1 Rc8 34. a4 Ra6 35. Qd7 Rf8 36. Qc7 c4 37. bxc4 Rxa4 38. c5 Nf4 39. Qd7 Ra3 40. c6 Qf2 41. Qf5 Rg3 42. Qe4 Ng2 43. Qxg2 Bf3 44. Qxf3 Qg1# 0-1

[Event "Quebec-ch Elite"]
[Site "Montreal CAN"]
[Date "2011.10.07"]
[Round "1"]
[White "Qin, Zi Yi (Joey)"]
[Black "Seguin, Rene"]
[Result "1-0"]
[WhiteElo "2245"]
[BlackElo "1954"]
[PlyCount "69"]
[GameId "2160767909648093"]
[EventDate "2011.10.07"]
[EventType "swiss"]
[EventRounds "7"]
[EventCountry "CAN"]

1. e4 c5 2. Nf3 e6 3. d4 cxd4 4. Nxd4 Nf6 5. Nc3 d6 6. Bc4 Be7 7. Be3 a6 8. Bb3 Nc6 9. Qe2 Qc7 10. O-O-O O-O 11. g4 Na5 12. g5 Nd7 13. Rhg1 b5 14. Qh5 b4 15. Nf5 Nxb3+ 16. axb3 Ne5 17. Nxe7+ Qxe7 18. Ne2 Bb7 19. Ng3 Rac8 20. f4 g6 21. Qe2 Nd7 22. Kb1 Nc5 23. Bd2 a5 24. h4 d5 25. h5 Nxe4 26. Nxe4 dxe4 27. Be3 f6 28. gxf6 Qxf6 29. Bd4 Qxf4 30. hxg6 h6 31. Rdf1 Qh4 32. Rf7 e5 33. Bxe5 Rxf7 34. gxf7+ Kxf7 35. Qb5 1-0

[Event "Quebec-ch Elite"]
[Site "Montreal CAN"]
[Date "2011.10.07"]
[Round "1"]
[White "Sprumont, Oscar"]
[Black "Gagnon, Serge"]
[Result "0-1"]
[WhiteElo "1676"]
[BlackElo "2121"]
[PlyCount "42"]
[GameId "2160767909648094"]
[EventDate "2011.10.07"]
[EventType "swiss"]
[EventRounds "7"]
[EventCountry "CAN"]
[SourceTitle "hb 2011"]

1. e4 d6 2. f4 Nf6 3. d3 g6 4. Nf3 Bg7 5. Nc3 O-O 6. g3 c5 7. Bg2 Nc6 8. O-O Rb8 9. Nh4 Bg4 10. Qe1 Nd4 11. Qf2 Bd7 12. h3 b5 13. Nf3 b4 14. Nd1 Nb5 15. Ne3 a5 16. f5 a4 17. g4 Ne8 18. Ng5 e6 19. Qh4 h6 20. fxg6 Qxg5 21. Nf5 Qxh4 0-1

[Event "Quebec-ch Elite"]
[Site "Montreal CAN"]
[Date "2011.10.08"]
[Round "2"]
[White "Abreu Cordero, Jose"]
[Black "Gauthier, Denis"]
[Result "0-1"]
[WhiteElo "2063"]
[BlackElo "1974"]
[PlyCount "78"]
[GameId "2160767909648096"]
[EventDate "2011.10.07"]
[EventType "swiss"]
[EventRounds "7"]
[EventCountry "CAN"]
[SourceTitle "EXT 2022"]
[Source "ChessBase"]
[SourceDate "2021.10.06"]
[SourceVersion "1"]
[SourceVersionDate "2021.10.06"]
[SourceQuality "1"]

1. e4 c5 2. Nf3 Nc6 3. d4 cxd4 4. Nxd4 e6 5. Nb5 d6 6. c3 a6 7. N5a3 Nf6 8. Bd3 Be7 9. Nc2 Ne5 10. Ne3 Nxd3+ 11. Qxd3 O-O 12. O-O Qc7 13. b3 b5 14. Bb2 Bb7 15. Nd2 d5 16. exd5 Nxd5 17. Nxd5 Bxd5 18. c4 bxc4 19. bxc4 Bxg2 20. Rfe1 Rfd8 21. Qe2 Qf4 22. Kxg2 Rxd2 23. Bc1 Qg5+ 24. Kf1 Rxe2 25. Bxg5 Rxe1+ 26. Kxe1 Bxg5 27. Rb1 Bf4 28. h3 Rb8 29. Rd1 Kf8 30. Rd3 Ke7 31. Ra3 Rb6 32. Ke2 Bd6 33. Ra5 Bb4 34. Rg5 g6 35. Kd3 Rd6+ 36. Kc2 h6 37. Rg3 Bc5 38. f3 Rd4 39. Kc3 Rf4 0-1

[Event "Quebec-ch Elite"]
[Site "Montreal CAN"]
[Date "2011.10.08"]
[Round "2"]
[White "Auger, Bertrand"]
[Black "Gulko, Andrei"]
[Result "0-1"]
[WhiteElo "1949"]
[BlackElo "2162"]
[PlyCount "108"]
[GameId "2160767909648097"]
[EventDate "2011.10.07"]
[EventType "swiss"]
[EventRounds "7"]
[EventCountry "CAN"]
[SourceTitle "EXT 2022"]
[Source "ChessBase"]
[SourceDate "2021.10.06"]
[SourceVersion "1"]
[SourceVersionDate "2021.10.06"]
[SourceQuality "1"]

1. Nf3 c5 2. c4 Nc6 3. Nc3 e5 4. g3 g6 5. Bg2 Bg7 6. O-O Nge7 7. a3 O-O 8. Rb1 d6 9. b4 Rb8 10. d3 h6 11. b5 Nd4 12. Nd2 b6 13. e3 Ne6 14. Bb2 Bb7 15. Nd5 Nc7 16. Qb3 f5 17. f4 Ncxd5 18. cxd5 exf4 19. Bxg7 Kxg7 20. exf4 Ng8 21. Rfe1 Bc8 22. Nc4 Qf6 23. Qb2 Bd7 24. Nxd6 Rfd8 25. Nc4 Qxb2 26. Rxb2 Be8 27. Ne5 Rd6 28. Nc6 Ra8 29. Rbe2 Bf7 30. Re5 Kf8 31. h4 h5 32. a4 Nf6 33. d4 c4 34. Re6 Bxe6 35. dxe6 Re8 36. e7+ Kf7 37. Rc1 Ng8 38. Rxc4 Nxe7 39. Ne5+ Kf8 40. Kf2 Rc8 41. Nc6 Rc7 42. Ke3 Nxc6 43. bxc6 Ke7 44. d5 Rd8 45. Kd4 Kd6 46. Rc3 Re8 47. a5 bxa5 48. Ra3 Re2 49. Bf3 Rb2 50. Re3 Rb4+ 51. Kc3 Re7 52. Rxe7 Kxe7 53. c7 Kd7 54. d6 Rb6 0-1

[Event "Quebec-ch Elite"]
[Site "Montreal CAN"]
[Date "2011.10.08"]
[Round "2"]
[White "Ber, Yves"]
[Black "Sprumont, Oscar"]
[Result "1/2-1/2"]
[WhiteElo "1979"]
[BlackElo "1676"]
[PlyCount "25"]
[GameId "2160767909648098"]
[EventDate "2011.10.07"]
[EventType "swiss"]
[EventRounds "7"]
[EventCountry "CAN"]
[SourceTitle "EXT 2022"]
[Source "ChessBase"]
[SourceDate "2021.10.06"]
[SourceVersion "1"]
[SourceVersionDate "2021.10.06"]
[SourceQuality "1"]

1. d4 d5 2. Nf3 c5 3. c3 e6 4. g3 Nc6 5. Bg2 Bd6 6. O-O Nf6 7. b3 O-O 8. dxc5 Bxc5 9. Nbd2 Ng4 10. h3 Bxf2+ 11. Rxf2 Ne3 12. Qe1 Nc2 13. Qd1 1/2-1/2

[Event "Quebec-ch Elite"]
[Site "Montreal CAN"]
[Date "2011.10.08"]
[Round "2"]
[White "Cote-Lalumiere, Tristan"]
[Black "Lopez Linares, Lizandro"]
[Result "0-1"]
[WhiteElo "1894"]
[BlackElo "2041"]
[PlyCount "70"]
[GameId "2160767909648099"]
[EventDate "2011.10.07"]
[EventType "swiss"]
[EventRounds "7"]
[EventCountry "CAN"]
[SourceTitle "EXT 2022"]
[Source "ChessBase"]
[SourceDate "2021.10.06"]
[SourceVersion "1"]
[SourceVersionDate "2021.10.06"]
[SourceQuality "1"]

1. e4 c6 2. d4 d5 3. exd5 cxd5 4. c3 Qc7 5. Nf3 Nc6 6. Bd3 Bg4 7. O-O Nf6 8. Re1 e6 9. Be3 Be7 10. Nbd2 O-O 11. Qc2 Rac8 12. a3 Bh5 13. h3 a6 14. Ng5 Bg6 15. f4 Bd6 16. Rf1 Bxd3 17. Qxd3 h6 18. Ngf3 Bxf4 19. Bxf4 Qxf4 20. Rae1 Qc7 21. Ne5 Nxe5 22. Rxe5 Nd7 23. Rh5 f5 24. Re1 Nf6 25. Rh4 Ne4 26. Nxe4 fxe4 27. Qe3 Rf5 28. Rg4 Kh7 29. h4 Rcf8 30. Qh3 Qf7 31. Rg3 Rf2 32. Qg4 Rxb2 33. Kh2 Rf2 34. Ree3 Qf6 35. Rh3 Qf4+ 0-1

[Event "Quebec-ch Elite"]
[Site "Montreal CAN"]
[Date "2011.10.08"]
[Round "2"]
[White "Drolet, Stephane"]
[Black "Guo, Forest"]
[Result "1/2-1/2"]
[WhiteElo "2187"]
[BlackElo "1917"]
[PlyCount "110"]
[GameId "2160767909648100"]
[EventDate "2011.10.07"]
[EventType "swiss"]
[EventRounds "7"]
[EventCountry "CAN"]
[SourceTitle "EXT 2022"]
[Source "ChessBase"]
[SourceDate "2021.10.06"]
[SourceVersion "1"]
[SourceVersionDate "2021.10.06"]
[SourceQuality "1"]

1. d4 d5 2. Nf3 Nf6 3. c4 e6 4. Bg5 Be7 5. e3 O-O 6. Nc3 a6 7. Qc2 Nbd7 8. cxd5 exd5 9. Bd3 c6 10. O-O Re8 11. Rab1 Nf8 12. b4 Ng6 13. a4 Ne4 14. Bxe7 Qxe7 15. b5 axb5 16. axb5 Nd6 17. bxc6 bxc6 18. Bxg6 hxg6 19. Rb6 Bf5 20. Qb3 Rec8 21. Qb4 Be6 22. Ne5 Nf5 23. Qxe7 Nxe7 24. Nd3 Rcb8 25. Rxb8+ Rxb8 26. Na4 Bd7 27. Nac5 Be8 28. Ra1 Kf8 29. g3 g5 30. Ne5 Rc8 31. h3 Nf5 32. Ra7 Kg8 33. Nb7 Kf8 34. Kf1 Rc7 35. Nd3 Nd6 36. Ndc5 Nxb7 37. Rxb7 Rxb7 38. Nxb7 Bd7 39. g4 Ke7 40. Ke2 f6 41. Kd2 Be8 42. Nc5 Bg6 43. Ke2 Bb1 44. f4 Bc2 45. fxg5 fxg5 46. Nd3 Bxd3+ 47. Kxd3 Kd6 48. Kc3 c5 49. dxc5+ Kxc5 50. Kd3 Kd6 51. Kd4 Ke6 52. e4 dxe4 53. Kxe4 g6 54. Kd4 Kd6 55. Ke4 Ke6 1/2-1/2

[Event "Quebec-ch Elite"]
[Site "Montreal CAN"]
[Date "2011.10.08"]
[Round "2"]
[White "Gagnon, Serge"]
[Black "Jiang, Louie"]
[Result "0-1"]
[WhiteElo "2121"]
[BlackElo "2351"]
[PlyCount "80"]
[GameId "2160767909648101"]
[EventDate "2011.10.07"]
[EventType "swiss"]
[EventRounds "7"]
[EventCountry "CAN"]
[SourceTitle "EXT 2022"]
[Source "ChessBase"]
[SourceDate "2021.10.06"]
[SourceVersion "1"]
[SourceVersionDate "2021.10.06"]
[SourceQuality "1"]

1. d4 Nf6 2. c4 e6 3. Nc3 Bb4 4. e3 O-O 5. Nge2 Ne4 6. Qc2 Nxc3 7. bxc3 Be7 8. Nf4 f5 9. Bd3 d6 10. e4 Qe8 11. exf5 exf5 12. O-O Qf7 13. Re1 g5 14. Nd5 Bd8 15. Qe2 Nc6 16. Bd2 Bd7 17. Qf3 Na5 18. Rab1 f4 19. Qe2 Kh8 20. Nb4 Bf6 21. Nd5 Rae8 22. Qf1 Bd8 23. Nb4 c6 24. Nc2 Be6 25. Na3 f3 26. gxf3 Qxf3 27. Re3 Qf7 28. Rbe1 g4 29. Qe2 Bh4 30. Rf1 Bg5 31. f4 Bh6 32. Be1 Qg8 33. Bg3 Bxc4 34. Nxc4 Nxc4 35. Re7 Rxe7 36. Qxe7 Nd2 37. Qxd6 Nxf1 38. Bxf1 Qg6 39. Qc7 Qf7 40. Qd6 Bxf4 0-1

[Event "Quebec-ch Elite"]
[Site "Montreal CAN"]
[Date "2011.10.08"]
[Round "2"]
[White "Gueorguiev, Valentin"]
[Black "Chabot, Roland"]
[Result "0-1"]
[WhiteElo "1973"]
[BlackElo "2155"]
[PlyCount "54"]
[GameId "2160767909648102"]
[EventDate "2011.10.07"]
[EventType "swiss"]
[EventRounds "7"]
[EventCountry "CAN"]
[SourceTitle "EXT 2022"]
[Source "ChessBase"]
[SourceDate "2021.10.06"]
[SourceVersion "1"]
[SourceVersionDate "2021.10.06"]
[SourceQuality "1"]

1. Nf3 d6 2. g3 e5 3. d3 f5 4. Bg2 Nf6 5. c4 Be7 6. Nc3 O-O 7. O-O Qe8 8. Rb1 Qh5 9. Nd5 Nxd5 10. cxd5 g5 11. Qb3 Nd7 12. Qc4 g4 13. Nd2 Bd8 14. f3 gxf3 15. exf3 Nb6 16. Qb3 Bd7 17. f4 exf4 18. Rxf4 Bg5 19. Rf1 Be3+ 20. Kh1 f4 21. Ne4 f3 22. Bxe3 fxg2+ 23. Kxg2 Bh3+ 24. Kg1 Bxf1 25. Rxf1 Rxf1+ 26. Kxf1 Rf8+ 27. Kg2 Qf3+ 0-1

[Event "Quebec-ch Elite"]
[Site "Montreal CAN"]
[Date "2011.10.08"]
[Round "2"]
[White "Larochelle, Martial"]
[Black "Cossette, Daniel"]
[Result "1-0"]
[WhiteElo "2262"]
[BlackElo "2031"]
[PlyCount "63"]
[GameId "2160767909648104"]
[EventDate "2011.10.07"]
[EventType "swiss"]
[EventRounds "7"]
[EventCountry "CAN"]
[SourceTitle "EXT 2022"]
[Source "ChessBase"]
[SourceDate "2021.10.06"]
[SourceVersion "1"]
[SourceVersionDate "2021.10.06"]
[SourceQuality "1"]

1. c4 e6 2. g3 d5 3. Bg2 Nf6 4. Nf3 dxc4 5. O-O a6 6. a4 Nbd7 7. Qc2 Be7 8. Qxc4 c5 9. a5 O-O 10. d3 Qc7 11. Nbd2 e5 12. b4 Ne8 13. bxc5 Bxc5 14. Bb2 Nd6 15. Qd5 Bb4 16. Rfc1 Qb8 17. Nf1 Nb5 18. Nxe5 Nf6 19. Qb3 Bd6 20. Nc4 Be6 21. Nfe3 Nd7 22. Qd1 Bc7 23. d4 Bxc4 24. Nxc4 f5 25. e3 Nf6 26. Qb3 Kh8 27. Nd2 h5 28. Qe6 Ng4 29. Rc5 Rf6 30. Qd7 Nxh2 31. Rxf5 Rxf5 32. Qxf5 1-0

[Event "Quebec-ch Elite"]
[Site "Montreal CAN"]
[Date "2011.10.08"]
[Round "2"]
[White "Lepine, Cedric"]
[Black "Pichette, Mickaelin"]
[Result "1-0"]
[WhiteElo "2098"]
[BlackElo "1893"]
[PlyCount "63"]
[GameId "2160767909648105"]
[EventDate "2011.10.07"]
[EventType "swiss"]
[EventRounds "7"]
[EventCountry "CAN"]
[SourceTitle "EXT 2022"]
[Source "ChessBase"]
[SourceDate "2021.10.06"]
[SourceVersion "1"]
[SourceVersionDate "2021.10.06"]
[SourceQuality "1"]

1. d4 Nf6 2. c4 e6 3. Nc3 d5 4. Nf3 c5 5. cxd5 exd5 6. g3 Bg4 7. Bg2 Nc6 8. Bg5 Be7 9. dxc5 d4 10. Bxf6 gxf6 11. Ne4 f5 12. Nd6+ Bxd6 13. cxd6 Qxd6 14. O-O O-O-O 15. Qd3 Rhe8 16. h3 Bxf3 17. Qxf5+ Kb8 18. Bxf3 Ne5 19. Bg2 Re6 20. Rad1 Qb6 21. Qxh7 Rg6 22. Qh5 Re8 23. Kh2 Qd6 24. Qh4 Rd8 25. Qe4 Nc6 26. Qc2 Rdg8 27. Qb3 Nd8 28. Qd3 Ne6 29. Rc1 Rf6 30. Bf3 Rh6 31. Qb5 Qe7 32. Qe5+ 1-0

[Event "Quebec-ch Elite"]
[Site "Montreal CAN"]
[Date "2011.10.08"]
[Round "2"]
[White "Libersan, Thierry"]
[Black "Nikulich, Oleksandr"]
[Result "1-0"]
[WhiteElo "2119"]
[BlackElo "1899"]
[PlyCount "115"]
[GameId "2160767909648107"]
[EventDate "2011.10.07"]
[EventType "swiss"]
[EventRounds "7"]
[EventCountry "CAN"]
[SourceTitle "EXT 2022"]
[Source "ChessBase"]
[SourceDate "2021.10.06"]
[SourceVersion "1"]
[SourceVersionDate "2021.10.06"]
[SourceQuality "1"]

1. e4 e5 2. f4 exf4 3. Bc4 Qh4+ 4. Kf1 d6 5. Nf3 Qh6 6. Nc3 Nf6 7. e5 Nh5 8. Kf2 c6 9. exd6 Bxd6 10. Re1+ Be6 11. Bxe6 fxe6 12. Ne4 Be7 13. c3 O-O 14. Qb3 Na6 15. Qxb7 Nc5 16. Nxc5 Bxc5+ 17. d4 Bb6 18. Qxc6 Rae8 19. Re4 Qg6 20. Bd2 Re7 21. Rae1 Rfe8 22. Bxf4 Nf6 23. R4e2 Ng4+ 24. Kg1 Qf7 25. Bd6 Rb7 26. h3 Qd7 27. Qxd7 Rxd7 28. Bg3 Nf6 29. Rxe6 Rxe6 30. Rxe6 Kf7 31. Rxb6 axb6 32. Ne5+ Ke6 33. Nxd7 Kxd7 34. Be5 Nd5 35. Bxg7 b5 36. Bh6 Ke6 37. Kf2 Nb6 38. b3 Kf5 39. Kf3 Kg6 40. Bd2 Kf5 41. g4+ Ke6 42. Ke4 Nd5 43. c4 bxc4 44. bxc4 Nb6 45. d5+ Ke7 46. Kd4 Nd7 47. c5 Nf8 48. c6 Kd8 49. d6 Kc8 50. Kd5 Nd7 51. cxd7+ Kxd7 52. Ba5 h6 53. a3 h5 54. gxh5 Kc8 55. Kc6 Kb8 56. d7 Ka7 57. d8=Q Ka6 58. Qb6# 1-0

[Event "Quebec-ch Elite"]
[Site "Montreal CAN"]
[Date "2011.10.08"]
[Round "2"]
[White "Wu, Qiyou"]
[Black "Le Duin, Thierry"]
[Result "1-0"]
[WhiteElo "1863"]
[BlackElo "2011"]
[PlyCount "79"]
[GameId "2160767909648110"]
[EventDate "2011.10.07"]
[EventType "swiss"]
[EventRounds "7"]
[EventCountry "CAN"]
[SourceTitle "EXT 2022"]
[Source "ChessBase"]
[SourceDate "2021.10.06"]
[SourceVersion "1"]
[SourceVersionDate "2021.10.06"]
[SourceQuality "1"]

1. e4 d5 2. exd5 Nf6 3. d4 Bg4 4. Nf3 Qxd5 5. Be2 Nc6 6. c4 Qh5 7. Be3 O-O-O 8. O-O e5 9. h3 e4 10. hxg4 Nxg4 11. Nh4 f5 12. Bxg4 fxg4 13. g3 g5 14. Ng2 Ne5 15. dxe5 Rxd1 16. Rxd1 Rg8 17. Nc3 Rg6 18. Nxe4 Rh6 19. Nh4 gxh4 20. Bg5 b6 21. gxh4 Bc5 22. Rd8+ Kb7 23. Bxh6 Qxh6 24. Nxc5+ bxc5 25. Re1 Qxh4 26. Rd3 h5 27. e6 Qe7 28. Rd7 Qg5 29. Rd5 Qe7 30. Rxh5 g3 31. fxg3 Qd6 32. Rhe5 Qe7 33. Kg2 Kc6 34. Rd5 Kb6 35. Rd7 Qf6 36. Re2 Qf5 37. Rd5 Qg4 38. Rde5 Qg6 39. e7 Qe8 40. Rd5 1-0

[Event "Quebec-ch Elite"]
[Site "Montreal CAN"]
[Date "2011.10.08"]
[Round "2"]
[White "Zhu, Hong Rui"]
[Black "Qin, Zi Yi (Joey)"]
[Result "0-1"]
[WhiteElo "2101"]
[BlackElo "2245"]
[PlyCount "104"]
[GameId "2160767909648111"]
[EventDate "2011.10.07"]
[EventType "swiss"]
[EventRounds "7"]
[EventCountry "CAN"]

1. e4 c5 2. Nf3 d6 3. d4 cxd4 4. Nxd4 Nf6 5. f3 e5 6. Bb5+ Bd7 7. Bxd7+ Qxd7 8. Ne2 d5 9. exd5 Nxd5 10. O-O Bc5+ 11. Kh1 Nc6 12. a3 Rd8 13. b4 Bb6 14. c4 Ne3 15. Qxd7+ Rxd7 16. Bxe3 Bxe3 17. Nbc3 Nd4 18. Rad1 Nxe2 19. Nxe2 f6 20. Rxd7 Kxd7 21. Rd1+ Ke6 22. Rd3 Bb6 23. Nc3 f5 24. a4 a6 25. g3 Rc8 26. c5 Rd8 27. Rxd8 Bxd8 28. Kg2 g6 29. Kf2 a5 30. bxa5 Bxa5 31. Nb5 Bb4 32. Ke2 Bxc5 33. Kd3 Bb6 34. Kc4 h5 35. Nc3 Bf2 36. Nd5 e4 37. Nf4+ Kf6 38. fxe4 fxe4 39. Kc3 Kf5 40. Kd2 Bg1 41. h3 Bf2 42. Ne2 g5 43. Kc3 Ke5 44. Kc4 Be1 45. g4 h4 46. Kc5 e3 47. Kb6 Ke4 48. Kxb7 Kf3 49. Nd4+ Kf2 50. Kb6 Bc3 51. Nc2 e2 52. a5 e1=Q 0-1

[Event "Quebec-ch Elite"]
[Site "Montreal CAN"]
[Date "2011.10.08"]
[Round "3"]
[White "Chabot, Roland"]
[Black "Gauthier, Denis"]
[Result "1-0"]
[WhiteElo "2155"]
[BlackElo "1974"]
[PlyCount "55"]
[GameId "2160767909648113"]
[EventDate "2011.10.07"]
[EventType "swiss"]
[EventRounds "7"]
[EventCountry "CAN"]
[SourceTitle "hb 2011"]

1. d4 Nf6 2. c4 e6 3. Nc3 Bb4 4. Qc2 O-O 5. e4 d5 6. e5 Ne4 7. Bd3 Bxc3+ 8. bxc3 c5 9. Bxe4 dxe4 10. Qxe4 f5 11. Qf4 Qa5 12. Bd2 Qa4 13. d5 b5 14. Ne2 bxc4 15. d6 Nd7 16. O-O Bb7 17. f3 Rab8 18. Qg3 Kh8 19. h4 Bd5 20. Nf4 Qc6 21. Rfe1 Rb2 22. Rad1 Nb6 23. h5 Kg8 24. Ng6 Re8 25. Ne7+ Rxe7 26. dxe7 Qe8 27. Bg5 Qxh5 28. Bf6 1-0

[Event "Quebec-ch Elite"]
[Site "Montreal CAN"]
[Date "2011.10.08"]
[Round "3"]
[White "Cossette, Daniel"]
[Black "Gueorguiev, Valentin"]
[Result "1-0"]
[WhiteElo "2031"]
[BlackElo "1973"]
[PlyCount "107"]
[GameId "2160767909648115"]
[EventDate "2011.10.07"]
[EventType "swiss"]
[EventRounds "7"]
[EventCountry "CAN"]
[SourceTitle "hb 2011"]

1. e4 g6 2. c4 Bg7 3. d4 c5 4. Nf3 cxd4 5. Nxd4 Nc6 6. Be3 Nf6 7. Nc3 Ng4 8. Qxg4 Nxd4 9. Qd1 Ne6 10. Qd2 Qa5 11. Rc1 d6 12. Bd3 Bd7 13. O-O Bc6 14. Rfd1 Nc5 15. Nd5 Qxd2 16. Rxd2 Bxb2 17. Rb1 Nxd3 18. Rxd3 Bg7 19. Nc7+ Kd7 20. Nxa8 Bxe4 21. Rdb3 Rxa8 22. Re1 Bc6 23. c5 d5 24. f4 a5 25. g4 a4 26. Rd3 e6 27. g5 h6 28. h4 hxg5 29. hxg5 Ra5 30. Bf2 Rb5 31. Rh3 Ke7 32. Rd1 Rb4 33. Rh4 Rb2 34. Rh7 Kf8 35. Rxg7 Rxf2 36. Rxf7+ Kxf7 37. Kxf2 Bb5 38. a3 Bc4 39. Ke3 Bb3 40. Rh1 Kg7 41. Kd4 Bc2 42. Ke5 Bb3 43. Rh2 Bc4 44. Kxe6 d4+ 45. Kd6 d3 46. Rd2 Kf7 47. Kc7 Ke6 48. Kxb7 Bd5+ 49. c6 Be4 50. Rxd3 Bxd3 51. c7 Be4+ 52. Kb8 Kf5 53. c8=Q+ Kxf4 54. Qc4 1-0